Państwa, w których żyją Bułgarzy - Statystyki

Ogólne statystyki
  • Ten quiz został rozwiązany 15 razy
  • Średni wynik to 8 z 11
Statystyki odpowiedzi
Liczba Państwo % Poprawnych
5 664 624 Bułgaria
100%
600 tys. Turcja
86%
637 tys. Grecja
79%
92,8 tys. – 300 tys. Stany Zjednoczone
79%
70 tys. – 130 tys. Włochy
79%
215,1 tys. Kanada
71%
39,3 tys. – 146,7 tys. Niemcy
71%
163,7 tys. Hiszpania
64%
70 tys. – 135 tys. Wielka Brytania
64%
250 tys. Mołdawia
29%
284,6 tys. Ukraina
29%
Nie znaleziono quizów pasujących do podanych kryteriów
Rozkład punktacji
Procent ludzi z każdym wynikiem
Percentyl według liczby udzielonych odpowiedzi
Twoja historia wyników
Nie rozwiązałeś tego quizu